Nhật ngữ căn bản Gồm 4 tập
Αποθηκεύτηκε σε:
| Μορφή: | Βιβλίο |
|---|---|
| Γλώσσα: | Undetermined |
| Θέματα: | |
| Ετικέτες: |
Προσθήκη ετικέτας
Δεν υπάρχουν, Καταχωρήστε ετικέτα πρώτοι!
|
| Thư viện lưu trữ: | Trung tâm Học liệu Trường Đại học Cần Thơ |
|---|
| LEADER | 00422nam a2200157Ia 4500 | ||
|---|---|---|---|
| 001 | CTU_102068 | ||
| 008 | 210402s9999 xx 000 0 und d | ||
| 020 | |c 12000 | ||
| 082 | |a 495.6 | ||
| 082 | |b Nh124/T.3/C.1 | ||
| 245 | 0 | |a Nhật ngữ căn bản | |
| 245 | 0 | |b Gồm 4 tập | |
| 245 | 0 | |c T.3/ Cas.1 | |
| 650 | |a Japanese language | ||
| 904 | |i M.Loan | ||
| 980 | |a Trung tâm Học liệu Trường Đại học Cần Thơ | ||